| 000 | 01064nam a22002777a 4500 | ||
|---|---|---|---|
| 010 | _aB-768756-766 ENG-147192 BACEN25 | ||
| 020 |
_a9789363895065 _c1095.00 |
||
| 035 | _aB-768756-766 | ||
| 035 | _aEN-130724 | ||
| 037 | _bKunal Books | ||
| 037 | _bDBAD | ||
| 082 |
_a300.72 _21 |
||
| 100 |
_aC. B. Singh _985763 |
||
| 245 |
_aSocial Science & Sustainable Future/ _cBy C. B. Singh...[et.al] |
||
| 250 | _a1 | ||
| 260 |
_aNew Delhi _bKunal Books _c2024 |
||
| 270 |
_a4648/21, 1st Floor, Ansari Road, Daryaganj, _bNew Delhi _e110002 _k9811043697 _mkunalbooks@gmail.com |
||
| 300 |
_a222p. _b24cm(hb) |
||
| 500 | _aInsights & Perspectives For 2023 and Beyond | ||
| 700 |
_aS.N Singh _977890 |
||
| 700 |
_aAnkita Jasmin Lall _977891 |
||
| 700 |
_aMohd Furqan _977892 |
||
| 700 |
_aShikha Soni _977893 |
||
| 942 |
_2ddc _cEN _h300.72 _mCBS |
||
| 999 |
_c209269 _d209269 |
||